<?xml version="1.0" encoding="UTF-8"?>
<marc:record xmlns:marc="http://www.loc.gov/MARC21/slim">
   <marc:leader>00000nam a2200000 a 4500</marc:leader>
   <marc:datafield ind1="1" ind2=" " tag="100">
      <marc:subfield code="a">Nöstlinger, Christine</marc:subfield>
      <marc:subfield code="4">aut</marc:subfield>
      <marc:subfield code="e">Verfasser/-in</marc:subfield>
   </marc:datafield>
   <marc:datafield ind1=" " ind2=" " tag="653">
      <marc:subfield code="a">Mädchen</marc:subfield>
   </marc:datafield>
   <marc:datafield ind1=" " ind2=" " tag="653">
      <marc:subfield code="a">Jugendbuch</marc:subfield>
   </marc:datafield>
   <marc:datafield ind1=" " ind2=" " tag="653">
      <marc:subfield code="a">Freundschaft</marc:subfield>
   </marc:datafield>
   <marc:datafield ind1=" " ind2=" " tag="653">
      <marc:subfield code="a">Ehekonflikt</marc:subfield>
   </marc:datafield>
   <marc:datafield ind1=" " ind2=" " tag="653">
      <marc:subfield code="a">Eltern</marc:subfield>
   </marc:datafield>
   <marc:datafield ind1=" " ind2=" " tag="653">
      <marc:subfield code="a">Junge</marc:subfield>
   </marc:datafield>
   <marc:datafield ind1=" " ind2=" " tag="653">
      <marc:subfield code="a">Soziale Ungleichheit</marc:subfield>
   </marc:datafield>
   <marc:datafield ind1="0" ind2="0" tag="245">
      <marc:subfield code="a">Wetti &amp; [und] Babs</marc:subfield>
   </marc:datafield>
   <marc:datafield ind1=" " ind2="1" tag="264">
      <marc:subfield code="b">Jugend u. Volk</marc:subfield>
      <marc:subfield code="c">1987</marc:subfield>
   </marc:datafield>
   <marc:datafield ind1="1" ind2=" " tag="520">
      <marc:subfield code="a">Der Name Nöstlinger bürgt für Qualität. In ihrem neuesten Buch, Wetti &amp; Babs, lebt die 13jährige Hauptfigur Barbara in dem bei dieser Autorin typischen kleinbürgerlichen Wiener Milieu: beengte Wohnverhältnisse, Geldmangel, berufstätige Mutter und dadurch entstehende Probleme, z.B. wenn der kleine Bruder krankheitshalber nicht in den Kindergarten kann. Barbara (=Wetti, Babs) ist wie viele Nöstlinger-Figuren (vgl. Julia in "Oh, du Hölle", BA 1/87) - sehr selbständig und einsichtig für die Probleme ihrer Eltern, z.B. als der geliebte Vater auszieht. Auch dem etwas verschrobenen Stefan, einem Schulversager aus Protest gegen den Vater, weiss Babs in ihrer burschikosen Art zu helfen. Geschrieben ist das empfehlenswerte Buch in einem ungezwungenen Jugendjargon, bebildert mit witzigen Schwarzweissillustrationen.</marc:subfield>
   </marc:datafield>
   <marc:datafield ind1=" " ind2=" " tag="020">
      <marc:subfield code="a">9783224114371</marc:subfield>
      <marc:subfield code="9">9783224114371</marc:subfield>
   </marc:datafield>
</marc:record>
